000 00213nam a22000857a 4500
008 161207b xxu||||| |||| 00| 0 eng d
100 _91940
_aBhatia.M.S.
245 _aMental Disorders
260 _aNew Delhi
_bN.B.T.
_c2006
999 _c4720
_d4720